| 000 | 01446nam0a2200349 4500 | ||
|---|---|---|---|
| 001 | RU\NLR\BIBL_A\012054148 | ||
| 005 | 20190827144617.0 | ||
| 010 |
_a978-5-905486-56-2 _9300 |
||
| 021 |
_aRU _bКН-П-19-042651 _9КН-П-19-3126 |
||
| 035 | _a(NLR Aleph) 012054148 | ||
| 035 | _a(RuMoRGB)010006979 | ||
| 090 |
_a11666756 _c11666756 |
||
| 100 | _a20190708d2019 u y0rusy50 ca | ||
| 101 | 0 | _arus | |
| 102 | _aRU | ||
| 105 | _aac zzzz0000zy | ||
| 200 | 1 |
_aМетро в камне _f[А. С. Спарбер] |
|
| 210 |
_aМосква _c[б. и.] _d2019 |
||
| 215 |
_a263, [1] с. _cил., цв. ил., портр. _d25x29 |
||
| 300 | _aАвт. указан в конце кн. | ||
| 320 | _aБиблиогр.: с. 263 | ||
| 601 | 0 | 2 |
_a"Московский метрополитен", государственное унитарное предприятие _xЗдания и сооружения _xАрхитектура _2nlr_sh2 _3RU\NLR\AUTH\661501647 |
| 606 | 1 |
_aКамень _xв архитектуре _2nlr_sh1 _2nlr_sh2 _3RU\NLR\AUTH\6673655 |
|
| 686 | 1 | _aЩ113(2Р=Рус)92Москва7 | |
| 686 | 1 | _aЩ110.543 | |
| 700 | 1 |
_aСпарбер _bА. С. |
|
| 942 | _cBOOK | ||
| 980 | _aNBR | ||
| 980 | _aNB | ||